Heterogeneous catalysis / (Record no. 11268)
[ view plain ]
| 000 -LEADER | |
|---|---|
| fixed length control field | 00776cam a2200265 4500 |
| 001 - CONTROL NUMBER | |
| control field | 11268 |
| 003 - CONTROL NUMBER IDENTIFIER | |
| rucl marc code | BD-RjUL |
| 005 - DATE AND TIME OF LATEST TRANSACTION | |
| control field | 20211208235110.0 |
| 008 - FIXED-LENGTH DATA ELEMENTS--GENERAL INFORMATION | |
| fixed length control field | 140126s1968 nyua 001 0 eng |
| 035 ## - SYSTEM CONTROL NUMBER | |
| System control number | (BD-RjUL)11317 |
| 040 ## - CATALOGING SOURCE | |
| Original cataloging agency | DLC |
| Transcribing agency | DLC |
| Modifying agency | BD-RjUL |
| Language of cataloging | eng |
| 041 ## - LANGUAGE CODE | |
| Language code of text/sound track or separate title | eng |
| 082 00 - DEWEY DECIMAL CLASSIFICATION NUMBER | |
| Classification number | 541.395 |
| Author mark and year | THH 1968 |
| 100 1# - MAIN ENTRY--PERSONAL NAME | |
| Personal name | Thomson, S. J. |
| Fuller form of name | (Samuel J.) |
| 9 (RLIN) | 34867 |
| 245 10 - TITLE STATEMENT | |
| Title | Heterogeneous catalysis / |
| Statement of responsibility, etc. | [by] S. J. Thomson [and] G. Webb. |
| 260 ## - PUBLICATION, DISTRIBUTION, ETC. (IMPRINT) | |
| Place of publication, distribution, etc. | Edenburgh ; London : |
| Name of publisher, distributor, etc. | Oliver and Boyd, |
| Date of publication, distribution, etc. | c1968. |
| 300 ## - PHYSICAL DESCRIPTION | |
| Pagination | x, 197 p. : |
| Illustrations | illus. ; |
| Size | 22 cm. |
| 490 0# - SERIES STATEMENT | |
| Series statement | University chemical texts, 4 |
| 504 ## - BIBLIOGRAPHY, ETC. NOTE | |
| Bibliography, etc | Includes index. |
| 650 #0 - SUBJECT ADDED ENTRY--TOPICAL TERM | |
| Topical term or geographic name as entry element | Catalysis. |
| 9 (RLIN) | 34868 |
| 700 1# - ADDED ENTRY--PERSONAL NAME | |
| Personal name | Webb, G. |
| Relator term | joint author. |
| 942 ## - ADDED ENTRY ELEMENTS (KOHA) | |
| Source of classification or shelving scheme | Dewey Decimal Classification |
| Koha item type | Books |
| Lost status | Source of classification or shelving scheme | Damaged status | Not for loan | Collection code | Permanent Location | Current Location | Shelving location | Date acquired | Source of acquisition | Cost, normal purchase price | Total Checkouts | Full call number | Date last seen | Copy number | Koha item type |
|---|---|---|---|---|---|---|---|---|---|---|---|---|---|---|---|
| Dewey Decimal Classification | Non-fiction | Central Library, University of Rajshahi | Central Library, University of Rajshahi | 15/10/1973 | Mitali Prok. | 60.75 | 541.395 THH 1968 | 26/01/2014 | C-2 | Books |